000 00664cam a22002291 4500
001 sa 64000198
003 DLC
005 20260227111954.0
008 940715s1962 ii 000 0 pano
010 _asa 64000198
025 _aPL480:I-Pu-180
035 _a(OCoLC)30773475
040 _aDLC
_cCU
_dCU
_dNSyU
_dDLC
042 _apremarc
050 0 0 _aBL2017.4
_b.A32 1962
130 0 _aĀdi-Granth.
_kSelections.
245 1 0 _aBārā māhā saṭīka;
_bMājha mahallā,
_c[ṭīkākāra] Prītama Siṅgha.
260 _aAmmritasara,
_bMehara Siṅgha,
_c[1962?]
300 _a168 p.
_c19 cm.
500 _aIn Panjabi.
600 1 0 _aSingh, Pritam,
_cof Rohtak.
999 _c56087
_d56087